书目信息 |
| 题名: |
居住区规划设计
|
|
| 作者: | 朱倩怡主编 , 季翔主审 | |
| 分册: | ||
| 出版信息: | 北京 中国建筑工业出版社 2019.06 |
|
| 页数: | 200页 | |
| 开本: | 26cm | |
| 丛书名: | ||
| 单 册: | ||
| 中图分类: | TU984.12 | |
| 科图分类: | ||
| 主题词: | 居住区--ju zhu qu--城市规划--设计--教材 | |
| 电子资源: | ||
| ISBN: | 978-7-112-23625-1 | |
| 000 | 01090nam0 2200265 450 | |
| 001 | CAL 0120192830500 | |
| 005 | 20230625092446.01 | |
| 010 | @a978-7-112-23625-1@dCNY38.00 | |
| 100 | @a20191007d2019 em y0chiy50 ea | |
| 101 | 0 | @achi |
| 102 | @aCN@b110000 | |
| 105 | @aak a 000yy | |
| 200 | 1 | @a居住区规划设计@Aju zhu qu gui hua she ji@e建筑与规划类专业适用@f朱倩怡主编,季翔主审@FZhu Qian Yi Zhu Bian,Ji Xiang Zhu Shen |
| 210 | @a北京@c中国建筑工业出版社@d2019.06 | |
| 215 | @a200页@c图@d26cm | |
| 320 | @a有书目 (第200页) | |
| 330 | @a本书分分居住区规划设计基础理论、居住区规划专项设计、专题居住区规划设计。内容包括: 居住区的规划结构与形态 ; 居住区规划设计技术经济指标等。 | |
| 333 | @a住房城乡建设部土建类学科专业“十三五”规划教材 建筑与规划类专业适用 | |
| 517 | 1 | @a建筑与规划类专业适用@AJian Zhu Yu Gui Hua Lei Zhuan Ye Shi Yong |
| 606 | 0 | @a居住区@Aju zhu qu@x城市规划@x设计@j教材 |
| 690 | @aTU984.12@v5 | |
| 701 | 0 | @a朱倩怡主编@AZhu Qian Yi Zhu Bian |
| 701 | 0 | @a季翔主审@AJi Xiang Zhu Shen |
| 801 | 0 | @aCN@b河南城建学院图书馆@c20191007 |
| 905 | @dTU984.12@eZ860 | |
| 居住区规划设计:建筑与规划类专业适用/朱倩怡主编,季翔主审.-北京:中国建筑工业出版社,2019.06 |
| 200页:图;26cm |
| 使用对象:住房城乡建设部土建类学科专业“十三五”规划教材 建筑与规划类专业适用 |
| ISBN 978-7-112-23625-1:CNY38.00 |
| 本书分分居住区规划设计基础理论、居住区规划专项设计、专题居住区规划设计。内容包括: 居住区的规划结构与形态 ; 居住区规划设计技术经济指标等。 |
| ● |
| 相关链接 |
|
|
|
正题名:居住区规划设计
索取号:TU984.12/Z860
 
预约/预借
| 序号 | 登录号 | 条形码 | 馆藏地/架位号 | 状态 | 备注 |
| 1 | 1447342 | 214473425 | 建筑库201/201建筑库 63排5列5层/ [索取号:TU984.12/Z860] | 在馆 | |
| 2 | 1447343 | 214473434 | 建筑库201/201建筑库 63排5列5层/ [索取号:TU984.12/Z860] | 在馆 | |
| 3 | 1504445 | 215044459 | 建筑库201/201建筑库 63排5列5层/ [索取号:TU984.12/Z860] | 在馆 | |
| 4 | 1506978 | 215069789 | 建筑库201/201建筑库 63排5列5层/ [索取号:TU984.12/Z860] | 在馆 |